| 000 | 00637nam a22001697a 4500 | ||
|---|---|---|---|
| 003 | MACL | ||
| 005 | 20160726124817.0 | ||
| 008 | 160726b xxu||||| |||| 00| 0 eng d | ||
| 040 | _cMACL | ||
| 041 | _aHindi | ||
| 082 | _a100 DIX | ||
| 100 |
_aदीक्षित, ह्रदयनारायण _961563 |
||
| 245 |
_aऋ्रग्वेद औश्र डॉ. रामविलास शर्मा _cह्रदयनारायण दीक्षित |
||
| 260 |
_aनई दिल्ली _bशिल्पायन प्रकाशन _c2013 |
||
| 650 |
_aदर्शन _965332 |
||
| 942 |
_2ddc _cHIN |
||
| 999 |
_c54991 _d54991 |
||